Servopohon s frekvenčným meničom SINAMics G120

Saved in:
Bibliographic Details
Main Author: Kocmunda, Vladislav, 1984- (Author)
Other Authors: Bélai, Igor, 1964- (Thesis advisor)
Format: Manuscript Book
Language:Slovak
Published: Bratislava : STU v Bratislave FEI, 2010
Subjects:
Online Access:VAIS
Tags: Add Tag
No Tags, Be the first to tag this record!

MARC

LEADER 00000ntm a22000003a 4500
001 stu209066
005 20150617230103.2
008 100818s2010------------------------slo-d
040 |a STU  |b slo 
041 0 |a slo 
100 1 |a Kocmunda, Vladislav,  |d 1984-  |4 aut  |u E  |T FEI Fakulta elektrotechniky a informatiky  |X 12561  |U E  |Y 30  |7 A000012561 
242 0 0 |a Servo-drive with frequency converter SINAMICS G120  |y eng 
245 1 |a Servopohon s frekvenčným meničom SINAMics G120 
260 |a Bratislava :  |b STU v Bratislave FEI,  |c 2010 
300 |a 56 s 
650 7 |a automatizácia  |2 stusub 
650 7 |a robotika  |2 stusub 
650 7 |a servopohony  |2 stusub 
650 7 |a frekvenčné meniče  |2 stusub 
700 1 |a Bélai, Igor,  |d 1964-  |4 ths  |u E010  |T FEI Ústav riadenia a priemyselnej informatiky  |X 4947  |U E010  |Y E010  |7 A000004947 
856 4 |a info a plný text  |u http://is.stuba.sk/zp/portal_zp.pl?podrobnosti=61513  |3 VAIS